| 000 | 00527nam a2200205 a 4500 | ||
|---|---|---|---|
| 008 | 990430s1998 xo gp r yy 0 slo c | ||
| 020 |
_a8088824400 _cDar |
||
| 040 |
_aSNK _bslo _cSNK _eAACR2 |
||
| 041 | 1 | _aslo | |
| 044 |
_axo _cSK |
||
| 080 | _a61(035) | ||
| 245 | 1 | 0 | _aVademecum medici |
| 250 | _a5. nezm. vyd. | ||
| 260 |
_aMartin _bOsveta _cc1998 |
||
| 300 |
_a1824 s. _bsch., tab. _c21 cm |
||
| 500 | _aAut. a zost. kol. | ||
| 504 | _aZoz. tab. Reg. | ||
| 650 | 0 | 7 |
_amedicína praktická _xpríručky _2SNK |
| 958 | _aAPP | ||
| 999 |
_c19916 _d19916 |
||